000 00748cam a2200253 a 4500
001 42468
003 BD-RjUL
005 20211209053539.0
008 160613s1946 maua b 001 0 eng
035 _a(OCoLC)54906251
_a(BD-RjUL)42586
040 _aDLC
_cDLC
_dMYG
_beng
041 _aeng
082 0 0 _a330
_222
_bISE 1946
100 1 _aIse, John
_96103
245 1 0 _aEconomics /
_cJohn Ise
260 _aNew york :
_bHarper &Brothers,
_c1946
300 _ax, 731 p. :
_bill. ;
_c27 cm.
504 _aIncludes bibliographical references and index.
650 0 _aEconomics.
_96104
856 4 1 _3Table of contents
942 _2ddc
_cBK
_02
949 0 _4IP
_ad
_bDEW
_cSTACK
_o0
_p39080026627254
_x01
_hHB171.5.S25 2005
999 _c42468
_d42468